Victorian soundscapes
Αποθηκεύτηκε σε:
| Κύριος συγγραφέας: | |
|---|---|
| Μορφή: | Βιβλίο |
| Γλώσσα: | English |
| Δημοσίευση: |
New York :
Oxford University Press,
2003
|
| Θέματα: | |
| Ετικέτες: |
Προσθήκη ετικέτας
Δεν υπάρχουν, Καταχωρήστε ετικέτα πρώτοι!
|
MARC
| LEADER | 00000nam a2200000 i 4500 | ||
|---|---|---|---|
| 001 | 1/54196 | ||
| 008 | 070906s2003 eng d | ||
| 020 | |a 0-19-515191-7 (pbk.) | ||
| 035 | |l 10090504 | ||
| 040 | |a GR-MY-UA |b gre |e aacr | ||
| 041 | 0 | |a eng | |
| 082 | 0 | |a 820.9356 |2 (22) | |
| 100 | 1 | |a Picker, John M. |d 1970- | |
| 245 | 1 | 0 | |a Victorian soundscapes / |c John M. Picker |
| 260 | |a New York : |b Oxford University Press, |c 2003 | ||
| 300 | |a xi, 220 σ.; |b εικ.; |c 24 εκ. | ||
| 504 | |a Βιβλιογραφία: σ. 193-210 | ||
| 504 | |a Περιέχει ευρετήριο | ||
| 650 | 0 | 0 | |a English literature |y 19th century |x History and criticism. |
| 650 | 0 | 0 | |a Sounds in literature. |
| 650 | 0 | 0 | |a Sound |x Recording and reproducing |z Great Britain |x History |y 19th century. |
| 650 | 0 | 0 | |a Speech in literature. |
| 650 | 0 | 0 | |a Voice in literature. |
| 852 | |a INST |b LESVOS |e 20070906 |h 820.9356 PIC |p 005100039144 |q 005100039144 |t BK |y 0 | ||
| 901 | |a BIBL1-2007-3 | ||
| 909 | |a Λ |b 138208 | ||
| 922 | |a 1ΕΛΗ |b 200707 |c ΕΠΕΑΕΚ2/ΤΚΑ |d ΠΑΠΑΣΩΤΗΡΙΟΥ | ||
| 970 | |a ΒΑΡΚΑ |b ΕΛΕΥΘΕΡΙΑ |z 2007/09/06 | ||